| 000 | 00700nam a22002297a 4500 | ||
|---|---|---|---|
| 999 |
_c10861 _d10861 |
||
| 003 | AR-CdUCM | ||
| 008 | 190402b ||||| |||| 00| 0 spa d | ||
| 040 |
_aMUNICIPALIDAD PROVINCIAL DEL CUSCO _cBIBLIOTECA MUNICIPAL DEL CUSCO |
||
| 082 |
_aC / 869.56 / _bSA17E |
||
| 100 |
_aSalas Gamarra, Armando _925244 |
||
| 245 |
_aEspérenme Celajes : _bCuentos y prosa / |
||
| 260 |
_aCusco : _bGarcilaso, _c1953. |
||
| 300 |
_a102 páginas ; _c20 cm. |
||
| 500 | _aDedicatoria a Luis Nieto. | ||
| 505 | _aContenido: Cuentos y prosa. | ||
| 650 |
_aLiteratura Peruana _9132 |
||
| 650 |
_aCuentos, prosa _927914 |
||
| 650 |
_aSiglo XX _98 |
||
| 650 |
_aCusco _9772 |
||
| 942 |
_2ddc _cLIBROS |
||
| 945 | _aachl | ||